Fundamentals of Radio (Record no. 152618)

MARC details
000 -LEADER
fixed length control field 00513nam a22001937a 4500
008 - FIXED-LENGTH DATA ELEMENTS--GENERAL INFORMATION
fixed length control field 180608b xxu||||| |||| 00| 0 eng d
010 ## - LCCN (DPL NO)
LC control number 840789
035 ## - SYSTEM CONTROL NUMBER
System control number 840789
037 ## - SOURCE OF ACQUISITION
Source of stock number/acquisition BBPD/PUB
040 ## - CATALOGING SOURCE
Original cataloging agency Dpl
082 ## - DEWEY DECIMAL CLASSIFICATION NUMBER
Classification number 621.384
100 ## - MAIN ENTRY--PERSONAL NAME
Personal name Zherebtsov
245 ## - TITLE STATEMENT
Title Fundamentals of Radio
Statement of responsibility, etc Zherebtsov
260 ## - PUBLICATION, DISTRIBUTION, ETC. (IMPRINT)
Place of publication, distribution, etc Moscow
Name of publisher, distributor, etc Mir Publishers
Date of publication, distribution, etc 1962
300 ## - PHYSICAL DESCRIPTION
Extent 821 p.
Dimensions 20 cm. (Hb)
500 ## - GENERAL NOTE
General note Includes Subject index, Name Index
650 ## - SUBJECT ADDED ENTRY--TOPICAL TERM
Topical term or geographic name as entry element Entrepreneurship
942 ## - ADDED ENTRY ELEMENTS (KOHA)
Institution code [OBSOLETE] dpl
Item type English Books
Call number prefix 621.384 / ZHE
Source of classification or shelving scheme Dewey Decimal Classification
Holdings
Withdrawn status Lost status Source of classification or shelving scheme Damaged status Not for loan Collection code Home library Current library Date acquired Source of acquisition Cost, normal purchase price Total Checkouts Barcode Date last seen Cost, replacement price Koha item type
    Dewey Decimal Classification     Non-fiction Shahdara Branch Shahdara Branch 08/06/2018 BPPD/PUB 0.00   840789 08/06/2018 0.00 English Books

© Delhi Public Library
Hit Counter
free hit counter